5HLuxD.jpg

KING HENRY VIII SENIOR AND PRIMARY SCHOOL LIBRARY OPAC

Kaspar / (Record no. 822)

000 -LEADER
fixed length control field 01453nam a22003731a 4500
001 - CONTROL NUMBER
control field 017136578
003 - CONTROL NUMBER IDENTIFIER
control field UkOxU
005 - DATE AND TIME OF LATEST TRANSACTION
control field 20191220111316.0
008 - FIXED-LENGTH DATA ELEMENTS--GENERAL INFORMATION
fixed length control field 090827r20102008enka j 000 f eng|d
015 ## - NATIONAL BIBLIOGRAPHY NUMBER
National bibliography number GBA992090
Source bnb
016 7# - NATIONAL BIBLIOGRAPHIC AGENCY CONTROL NUMBER
Record control number 015375663
Source Uk
020 ## - INTERNATIONAL STANDARD BOOK NUMBER
International Standard Book Number 9780007267002 (pbk.) :
020 ## - INTERNATIONAL STANDARD BOOK NUMBER
International Standard Book Number 0007267002 (pbk.) :
035 ## - SYSTEM CONTROL NUMBER
System control number (Uk)015375663
040 ## - CATALOGING SOURCE
Original cataloging agency StDuBDS
Language of cataloging eng
Transcribing agency StDuBDS
Modifying agency Uk
042 ## - AUTHENTICATION CODE
Authentication code ukblsr
082 ## - DEWEY DECIMAL CLASSIFICATION NUMBER
Classification number FIC MOR
100 1# - MAIN ENTRY--PERSONAL NAME
Personal name Morpurgo, Michael.
Relator term author
245 10 - TITLE STATEMENT
Title Kaspar /
Statement of responsibility, etc. Michael Morpurgo ; illustrated by Michael Foreman.
260 ## - PUBLICATION, DISTRIBUTION, ETC.
Place of publication, distribution, etc. London :
Name of publisher, distributor, etc. HarperCollins Children's,
Date of publication, distribution, etc. 2010.
300 ## - PHYSICAL DESCRIPTION
Extent 1 v. :
Other physical details col. ill. ;
Dimensions 20 cm.
336 ## - CONTENT TYPE
Content type term text
Source rdacontent
337 ## - MEDIA TYPE
Media type term unmediated
Source rdamedia
338 ## - CARRIER TYPE
Carrier type term volume
Source rdacarrier
500 ## - GENERAL NOTE
General note Originally published: as Kaspar, prince of cats. 2008.
500 ## - GENERAL NOTE
General note Formerly CIP.
Institution to which field applies Uk
520 ## - SUMMARY, ETC.
Summary, etc. Johnny didn't expect to end up with Kaspar, the Savoy cat, on his hands forever, and nor did he count on making friends with Lizziebeth, a spirited American heiress. Pretty soon, events are set in motion that will take Johnny - and Kaspar - all around the world, surviving theft, shipwreck and rooftop rescues along the way.
650 #0 - SUBJECT ADDED ENTRY--TOPICAL TERM
Topical term or geographic name entry element Bellhops
Geographic subdivision England
-- London
Form subdivision Juvenile fiction.
650 #0 - SUBJECT ADDED ENTRY--TOPICAL TERM
Topical term or geographic name entry element Cats
Form subdivision Juvenile fiction.
655 #0 - INDEX TERM--GENRE/FORM
Genre/form data or focus term Adventure stories.
655 #0 - INDEX TERM--GENRE/FORM
Genre/form data or focus term Children's stories.
700 1# - ADDED ENTRY--PERSONAL NAME
Personal name Foreman, Michael,
Dates associated with a name 1938-
Relator term Illustrator
942 ## - ADDED ENTRY ELEMENTS (KOHA)
Source of classification or shelving scheme
Koha item type Books - Fiction
Holdings
Withdrawn status Lost status Source of classification or shelving scheme Damaged status Not for loan Collection code Permanent Location Current Location Shelving location Date acquired Total Checkouts Total Renewals Full call number Barcode Date last seen Date last checked out Price effective from Koha item type
          Fiction KH8 Senior School Library KH8 Senior School Library Fiction 2019-12-20 8 2 FIC MOR 3KHSL000101570 2025-05-27 2024-10-24 2019-12-20 Books - Fiction

Powered By KH8 IT Dept